[Event "Sydney op"]
[Site "Sydney"]
[Date "2014.04.23"]
[Round "1"]
[White "Chau, Bernard"]
[Black "Morris, James"]
[Result "0-1"]
[WhiteElo "2018"]
[BlackElo "2377"]
[PlyCount "64"]
[EventDate "2014.04.23"]
[EventType "swiss"]
[EventRounds "9"]
[EventCountry "AUS"]
[SourceTitle "CBM 160 Extra"]
[Source "ChessBase"]
[SourceDate "2014.07.01"]
[SourceVersion "1"]
[SourceVersionDate "2014.07.01"]
[SourceQuality "1"]

1. d4 Nf6 2. c4 e6 3. Nc3 Bb4 4. g3 0-0 5. Bg2 c5 6. e3 cxd4 7. exd4 d5 8. cxd5 Bxc3+ 9. bxc3 exd5 10. Ne2 h6 11. 0-0 Nc6 12. Nf4 Bf5 13. Re1 Be4 14. Ba3 Re8 15. f3 Bf5 16. Bf1 Qa5 17. Bb2 Rxe1 18. Qxe1 Re8 19. Qd1 Qc7 20. Ba3 Na5 21. Rc1 g5 22. Nd3 Nc4 23. Qa4 Re3 24. Ne1 Nd2 25. Qb4 Rxe1 26. Rxe1 Nxf3+ 27. Kf2 Nxe1 28. Qf8+ Kh7 29. Be7 Ne4+ 30. Kg1 Bg6 31. c4 Qb6 32. Bc5 Qf6 0-1

[Event "World ol U16 11th"]
[Site "Istanbul"]
[Date "2012.09.03"]
[Round "7.13"]
[White "Iskandar, Bin Abdullah"]
[Black "Chau, Bernard"]
[Result "0-1"]
[WhiteElo "1985"]
[BlackElo "1985"]
[PlyCount "132"]
[EventDate "2012.08.29"]
[EventType "team-swiss"]
[EventRounds "10"]
[EventCountry "TUR"]
[SourceTitle "CBM 150 Extra"]
[Source "ChessBase"]
[SourceDate "2012.10.19"]
[SourceVersion "1"]
[SourceVersionDate "2012.10.19"]
[SourceQuality "1"]
[WhiteTeam "Singapore (U16)"]
[BlackTeam "Australia (U16) III"]
[WhiteTeamCountry "SIN"]
[BlackTeamCountry "AUS"]

1. d4 g6 2. e4 Bg7 3. Bc4 c5 4. c3 d6 5. dxc5 Be6 6. Bxe6 fxe6 7. Nf3 Qd7 8. Be3 Nc6 9. 0-0 d5 10. Na3 Nf6 11. exd5 exd5 12. Nb5 0-0 13. Nbd4 Ne4 14. Ng5 Nxg5 15. Bxg5 e5 16. Nxc6 bxc6 17. Qd2 Rf5 18. Rad1 Rb8 19. b4 Qb7 20. a3 Qa6 21. Be3 Qc4 22. Qd3 Qh4 23. Qa6 d4 24. Qc4+ Kh8 25. cxd4 Re8 26. f3 Rh5 27. h3 exd4 28. Bf2 Qf4 29. Rfe1 Ree5 30. Qc1 Qxc1 31. Rxc1 d3 32. Rxe5 Bxe5 33. Rd1 Bb2 34. a4 a6 35. Be3 Bc3 36. Bd2 Bd4+ 37. Kf1 Re5 38. Rc1 Kg8 39. a5 Kf7 40. Re1 Rf5 41. Rd1 Rd5 42. f4 g5 43. g3 gxf4 44. gxf4 Kf6 45. Kg2 Kf5 46. Kf3 Rd7 47. Re1 Rg7 48. Re8 Rg1 49. Rf8+ Ke6 50. Ke4 Bg7 51. Rd8 Rg3 52. Rxd3 Rxd3 53. Kxd3 Kd5 54. Bc3 Bh6 55. f5 Bg5 56. Bg7 h5 57. f6 Ke6 58. b5 cxb5 59. Ke4 Bd2 60. f7 Kxf7 61. Be5 Bxa5 62. Kd5 Ke7 63. Kc6 Ke6 64. Bg3 b4 65. Bf4 b3 66. Bc1 Bc3 0-1

[Event "AUS-ch U16"]
[Site "Mooroolbark"]
[Date "2011.01.22"]
[Round "8"]
[White "Hibberd, Nathan"]
[Black "Chau, Bernard"]
[Result "1-0"]
[WhiteElo "1566"]
[BlackElo "1715"]
[PlyCount "139"]
[EventDate "2011.01.15"]
[EventType "swiss"]
[EventRounds "9"]
[EventCountry "AUS"]
[SourceTitle "EXT 2013"]
[Source "ChessBase"]
[SourceDate "2012.11.22"]
[SourceVersion "1"]
[SourceVersionDate "2012.11.22"]
[SourceQuality "1"]

1. e4 e6 2. d4 d5 3. Nd2 c5 4. exd5 Qxd5 5. Ngf3 cxd4 6. Bc4 Qd6 7. 0-0 a6 8. a4 Nf6 9. Nb3 Nc6 10. Nbxd4 Nxd4 11. Nxd4 Qc7 12. Qe2 Bd7 13. Bb3 0-0-0 14. Be3 h5 15. Qc4 Ng4 16. Qxc7+ Kxc7 17. Rfe1 Bc8 18. c3 Nxe3 19. Rxe3 Bc5 20. Rd1 Rd6 21. Re5 b6 22. Kf1 Kb8 23. a5 f6 24. Re4 Re8 25. axb6 Rxb6 26. Ba4 Bb7 27. Bxe8 Bxe4 28. b4 Be7 29. Bxh5 e5 30. Ne2 Bf5 31. Ng3 Be6 32. Bg6 Bc4+ 33. Ke1 Bb5 34. Bd3 Bc6 35. f3 Be8 36. Nf5 Bf8 37. Bxa6 Kc7 38. Bd3 Rc6 39. Kd2 Rb6 40. Ra1 g6 41. Ra8 Rb8 42. Rxb8 Kxb8 43. Ne3 Bh6 44. Ke2 Bf8 45. Nd5 f5 46. Nf6 Ba4 47. b5 Bg7 48. Nd7+ Kc7 49. Nc5 Bxb5 50. Bxb5 Kb6 51. Ne6 Bh6 52. Be8 g5 53. Bg6 f4 54. Be4 Kb5 55. Kd3 Kb6 56. Kc4 Ka5 57. Kd5 Kb5 58. c4+ Kb6 59. Kd6 g4 60. c5+ Kb5 61. c6 Kb4 62. c7 Kc3 63. c8Q+ Kd2 64. Qc2+ Ke3 65. Qd3+ Kf2 66. fxg4 f3 67. Qxf3+ Kg1 68. g3 Bf8+ 69. Nxf8 Kxh2 70. Qg2# 1-0

[Event "AUS-ch U16"]
[Site "Mooroolbark"]
[Date "2011.01.17"]
[Round "4"]
[White "Cameron, Alistair"]
[Black "Chau, Bernard"]
[Result "1-0"]
[WhiteElo "1827"]
[BlackElo "1715"]
[PlyCount "79"]
[EventDate "2011.01.15"]
[EventType "swiss"]
[EventRounds "9"]
[EventCountry "AUS"]
[SourceTitle "EXT 2013"]
[Source "ChessBase"]
[SourceDate "2012.11.22"]
[SourceVersion "1"]
[SourceVersionDate "2012.11.22"]
[SourceQuality "1"]

1. d4 g6 2. c4 Bg7 3. e4 d6 4. Nc3 c5 5. d5 Bxc3+ 6. bxc3 f5 7. exf5 Bxf5 8. Bd3 Bxd3 9. Qxd3 Nd7 10. Nh3 Ne5 11. Qe2 Qa5 12. 0-0 Nf6 13. f4 Ned7 14. Ng5 Rg8 15. Ne6 Kf7 16. Rb1 Rae8 17. Rxb7 Qa6 18. Rb1 Nb6 19. Nc7 Qxc4 20. Qxc4 Nxc4 21. Nxe8 Rxe8 22. Rb7 Ra8 23. f5 Nxd5 24. f6 Ke6 25. f7 Nf6 26. Rxa7 Rf8 27. Bg5 Rxf7 28. Bxf6 exf6 29. Re1+ Ne5 30. Rxf7 Kxf7 31. a4 Nc4 32. Kf2 h6 33. Kf3 d5 34. Ra1 Na5 35. Rb1 Nc4 36. Rb5 Ke6 37. a5 Ne5+ 38. Ke2 Nc6 39. a6 Kd7 40. a7 1-0

[Event "AUS-ch U16"]
[Site "Mooroolbark"]
[Date "2011.01.16"]
[Round "3"]
[White "Chau, Bernard"]
[Black "Li, Tim"]
[Result "1/2-1/2"]
[WhiteElo "1715"]
[BlackElo "1445"]
[PlyCount "124"]
[EventDate "2011.01.15"]
[EventType "swiss"]
[EventRounds "9"]
[EventCountry "AUS"]
[SourceTitle "EXT 2013"]
[Source "ChessBase"]
[SourceDate "2012.11.22"]
[SourceVersion "1"]
[SourceVersionDate "2012.11.22"]
[SourceQuality "1"]

1. d4 Nf6 2. Nf3 e6 3. g3 b6 4. Bg2 Bb7 5. 0-0 d5 6. c4 Nbd7 7. cxd5 exd5 8. Nc3 Be7 9. Nh4 Ne4 10. Nf5 Bf6 11. Qb3 Nxc3 12. bxc3 0-0 13. Ne3 c6 14. a4 Ba6 15. Re1 Re8 16. Qc2 Rc8 17. Nf5 Nf8 18. Ba3 c5 19. dxc5 bxc5 20. Rad1 d4 21. c4 Qd7 22. Ne3 Rxe3 23. fxe3 Qe6 24. exd4 Qe3+ 25. Kh1 Qxa3 26. d5 Nd7 27. Bh3 Rd8 28. Bxd7 Rxd7 29. Qf5 Rd8 30. e4 Bd4 31. Rf1 Rf8 32. e5 g6 33. Qe4 Bxc4 34. Rf3 Qa2 35. Rxd4 Qa1+ 36. Kg2 Qxd4 37. Qxd4 cxd4 38. Kf2 Bxd5 39. Rd3 Be6 40. Rxd4 Rb8 41. Ke3 Kf8 42. Kf4 h6 43. a5 Ke7 44. h4 Rb5 45. Ra4 Rc5 46. Ra3 Rc4+ 47. Ke3 Bd7 48. h5 gxh5 49. Rb3 Ra4 50. e6 fxe6 51. Rb8 Rxa5 52. Rh8 Rg5 53. Rh7+ Kd6 54. Kf4 Rf5+ 55. Ke3 a5 56. Rxh6 a4 57. Rh8 Ra5 58. g4 hxg4 59. Rh2 a3 60. Ra2 Bc6 61. Kd4 Bd5 62. Rxa3 Rxa3 1/2-1/2

[Event "AUS-ch U16"]
[Site "Mooroolbark"]
[Date "2011.01.15"]
[Round "1"]
[White "Chau, Bernard"]
[Black "O'Rourke, Ryan"]
[Result "1-0"]
[WhiteElo "1715"]
[BlackElo "1342"]
[PlyCount "85"]
[EventDate "2011.01.15"]
[EventType "swiss"]
[EventRounds "9"]
[EventCountry "AUS"]
[SourceTitle "EXT 2013"]
[Source "ChessBase"]
[SourceDate "2012.11.22"]
[SourceVersion "1"]
[SourceVersionDate "2012.11.22"]
[SourceQuality "1"]

1. Nf3 Nf6 2. g3 g6 3. Bg2 Bg7 4. 0-0 0-0 5. c4 d6 6. d4 Nbd7 7. Nc3 Re8 8. Re1 e5 9. e4 exd4 10. Nxd4 Ne5 11. b3 a6 12. Bb2 Bg4 13. f3 Bc8 14. h3 Nh5 15. f4 Nc6 16. Nxc6 bxc6 17. Kh2 Bd7 18. Qf3 Bd4 19. Rad1 c5 20. Bc1 Bc6 21. g4 Nf6 22. Qd3 Nxg4+ 23. hxg4 Qh4+ 24. Qh3 Qxh3+ 25. Kxh3 Bxc3 26. Re2 f5 27. gxf5 gxf5 28. e5 Bxg2+ 29. Rxg2+ Kf7 30. exd6 Rad8 31. d7 Re7 32. Rd5 Rexd7 33. Rxf5+ Ke6 34. Rxc5 Rd1 35. Re2+ Kd6 36. Ba3 Kd7 37. Rg5 Kc8 38. Bc5 R1d3+ 39. Rg3 Rd1 40. Rxc3 h5 41. Rg3 Rh1+ 42. Kg2 Rdd1 43. Rh3 1-0

[Event "AUS-ch U12"]
[Site "Canberra"]
[Date "2007.01.19"]
[Round "4"]
[White "Nguyen, Van"]
[Black "Chau, Bernard"]
[Result "0-1"]
[WhiteElo "1092"]
[BlackElo "672"]
[PlyCount "120"]
[EventDate "2007.01.14"]
[EventType "swiss"]
[EventRounds "11"]
[EventCountry "AUS"]
[SourceTitle "EXT 2008"]
[Source "ChessBase"]
[SourceDate "2007.11.25"]
[SourceVersion "1"]
[SourceVersionDate "2007.11.25"]
[SourceQuality "1"]

1. e4 e5 2. Nf3 Nc6 3. Bb5 a6 4. Ba4 Bc5 5. 0-0 Nf6 6. Re1 b5 7. Bb3 d6 8. h3 Bb7 9. c3 h6 10. Bc2 Qe7 11. d4 Bb6 12. Be3 Na5 13. Nbd2 0-0-0 14. d5 Nd7 15. b4 Nc4 16. Nxc4 bxc4 17. a4 a5 18. Bxb6 cxb6 19. Nd2 Ba6 20. b5 Bb7 21. Nxc4 g5 22. Qg4 Kc7 23. Rad1 h5 24. Qg3 Nf6 25. Qxg5 Rdg8 26. Qe3 Nd7 27. f4 f6 28. f5 Nc5 29. Nd2 h4 30. Nf1 Rg4 31. Rd2 Rhg8 32. Ra1 Qg7 33. Qe2 Bc8 34. Ne3 Rg3 35. Ng4 Rxc3 36. Rdd1 Bd7 37. Bd3 Nb3 38. Ra3 Kb7 39. Qb2 Rxd3 40. Rxd3 Nc5 41. Re3 Qg5 42. Re1 Be8 43. Qc1 Qg7 44. Qh6 Nd7 45. Qxg7 Rxg7 46. Rc3 Bh5 47. Rec1 Bxg4 48. hxg4 Nc5 49. Rc4 Rxg4 50. Kh2 Rf4 51. g3 Rf2+ 52. Kh3 hxg3 53. Kxg3 Rf4 54. Rh1 Nxe4+ 55. Kg2 Rg4+ 56. Kf3 Rf4+ 57. Ke3 Ng3 58. Rh8 Rxc4 59. Rh6 Nxf5+ 60. Kd3 Rd4+ 0-1